ប្រព័ន្ធដាំដុះកសិកម្មផ្នែកលើដំណាំស្រូវជាមូលដ្ឋាន (Record no. 9469)
[ view plain ]
| 000 -LEADER | |
|---|---|
| fixed length control field | 00417nam a22001217a 4500 |
| 040 ## - CATALOGING SOURCE | |
| Transcribing agency | HS |
| 082 ## - DEWEY DECIMAL CLASSIFICATION NUMBER | |
| Classification number | 338 |
| 110 ## - MAIN ENTRY--CORPORATE NAME | |
| Corporate name or jurisdiction name as entry element | អង្គការស៊ីដសេ |
| 245 ## - TITLE STATEMENT | |
| Title | ប្រព័ន្ធដាំដុះកសិកម្មផ្នែកលើដំណាំស្រូវជាមូលដ្ឋាន |
| 260 ## - PUBLICATION, DISTRIBUTION, ETC. (IMPRINT) | |
| Place of publication | Cambodia |
| Name of publisher | អង្គការស៊ីដសេ |
| Year of publication | NA |
| 300 ## - PHYSICAL DESCRIPTION | |
| Number of Pages | NA |
| 942 ## - ADDED ENTRY ELEMENTS (KOHA) | |
| Koha item type | សៀវភៅភាសាខ្មែរ |
| 952 ## - LOCATION AND ITEM INFORMATION (KOHA) | |
| Withdrawn status [LOCAL, KOHA] | 0 |
| 952 ## - LOCATION AND ITEM INFORMATION (KOHA) | |
| Withdrawn status [LOCAL, KOHA] | 0 |
| Permanent Location | Date acquired | Koha item type | Lost status | Shelving location | Barcode | Current Location | Full call number |
|---|---|---|---|---|---|---|---|
| Library Block C | 2016-09-01 | សៀវភៅភាសាខ្មែរ | C063 | RUA043194 | Library Block C | 338 អង្គការស៊ីដសេ C63 | |
| Library Block C | 2016-09-02 | សៀវភៅភាសាខ្មែរ | C021 | RUA44184 | Library Block C | 338 អង្គការស៊ីដសេ NA C021 |